Największe państwa Afrykańskie - Statystyki

Ogólne statystyki
  • Ten quiz został rozwiązany 47 razy
  • Średni wynik to 12 z 15
Statystyki odpowiedzi
Lp Odpowiedź Km² % Poprawnych
12(29) Egipt 1 001 450
100%
1(10) Algieria 2 381 741
97%
9(24) Rpa 1 219 090
95%
3(15) Sudan 1 861 484
92%
10(26) Etiopia 1 104 300
89%
4(16) Libia 1 759 540
89%
6(21) Niger 1 267 000
86%
14(31) Nigeria 923 768
86%
8(23) Mali 1 240 192
81%
7(22) Angola 1 246 700
78%
5(20) Czad 1 284 000
78%
15(33) Namibia 824 292
73%
2(11) Drk 2 344 858
70%
11(28) Mauretania 1 030 700
70%
13(30) Tanznia 947 300
0%
Nie znaleziono quizów pasujących do podanych kryteriów
Rozkład punktacji
Procent ludzi z każdym wynikiem
Percentyl według liczby udzielonych odpowiedzi
Twoja historia wyników
Nie rozwiązałeś tego quizu